Регионална библиотека "Любен Каравелов" - Русе

Париж (Запис номер 430904)

MARC детайли
000 -Лидер
Контролно поле с фиксирана дължина nam a22 a 4500
003 - Код на организацията, давaща контролен номер
Контролно поле BLK
005 - Дата и час на последна редакция
Контролно поле 20210902110325.0
008 - Елементи от данни с фиксирана дължина
fixed length control field 210902b bu |||||r|||| 00| | bu d
040 ## - Източник на каталожния запис
Идентификатор на билиотеката - собственик на записа BLK
041 ## - Код за език
Код за езика на текст/звукозапис или на отделно заглавие Български
Код за езика КДБФ Български
080 ## - УДК
Текстов определител УДК Регионална география
УДК код - определител по УДК 913
УДК определител (443.611)
УДК - код + определител 913(443.611)
100 ## - Редна дума - Автор
Автор Меч, Сергей Павлович
Авторска отговорност първи автор
R(LIN) 1299
139 ## - Редно поле
Редна дума Меч, Сергей Павлович
Авторски знак Меч - М 52
245 ## - Сведения за заглавието
Заглавие Париж
Подзаглавни данни Столицата на С.-америк. съединени щати
Редно поле (дума) Сергей Меч ; прев. Хр. Янков
260 ## - Област на издателските данни
Място на издаване, разпространение и проч. София
Година на издаване 1925
Печатница (София : Н. и Д. Попови, Кузманов и сие)
300 ## - Физическа характеристика
Страници 64 с. : с ил.
Размери/Мащаб 15 см
380 ## - Жанр
Жанр География
490 ## - СЕРИИ (Колекции)
9 (RLIN) 202495
Име на серия Малка географска библиотека
№: серия 15
650 #0 - Допълнително описание по предмет – тема
9 (RLIN) 312802
Основно описание – тема или топоним Франция - география
651 #7 - Допълнително описание по предмет - топоним
9 (RLIN) 179343
Географско понятие Париж
700 ## - Други автори (авторска отговорност)
9 (RLIN) 463562
Лично име Янков, Христо
Автороска отговорност (Описва отношението между автора и произведението) прев.
852 ## - Местоположение
Форматна сигнатура Цб 9.155.8099
Фондова буква Хранилище
999 ## - СИСТЕМНИ КОНТРОЛНИ НОМЕРА
Koha biblionumber 430904
Koha biblioitemnumber 430904
942 ## - АРТИКУЛИ
Източник на класификационната схема Universal Decimal Classification
Вид на библиотечния материал Книги
Скрит в OPAC Не
Периодичен библиозапис Да
944 ## - СЪЗДАВАНЕ И РЕДАКЦИЯ на ЗАПИСА
Създаване/Редакция Създаване
Дата на регистрацията/редакция 2021-09-02
Служител, извършил регистрацията/редакцията ГГГ
Наличности
Код за отписване Код за изгубен артикул Източник на класификационната схема Код за повреда Коз за рестрикции Код за отдаване Артикулен № Име на библиотеката - собственик Име на библиотеката, в която се намира в момента Статус (Текущо местоположение) Дата на вписване в системата Местоположение - отдел Цена в лева Инвентарен номер Систематично азбучна сигнатура Баркод Цена в евро Служебен тип на артикула
  Не е изгубен Universal Decimal Classification Не е повреден само за читалня ползва се в читалня 851331 Регионална библиотека "Любен Каравелов" Русе Регионална библиотека "Любен Каравелов" Русе Хранилище 2021-09-03 Основен фонд - ползва се само за читалня 0.05 8099 Цб 9.155.8099 900000076693 0.03 Книги
Vip Innovations Ltd, Rousse, Bulgaria 2025